Vidura-Niti : (Record no. 124320)
[ view plain ]
| 000 -LEADER | |
|---|---|
| fixed length control field | 00656nam a22002297a 4500 |
| 005 - DATE AND TIME OF LATEST TRANSACTION | |
| control field | 20170124105937.0 |
| 010 ## - LIBRARY OF CONGRESS CONTROL NUMBER | |
| LC control number | 310743 |
| 020 ## - INTERNATIONAL STANDARD BOOK NUMBER | |
| Terms of availability | 04.50 |
| 035 ## - SYSTEM CONTROL NUMBER | |
| System control number | 310743 |
| 037 ## - SOURCE OF ACQUISITION | |
| Source of stock number/acquisition | Cen Lib/Ret |
| 040 ## - CATALOGING SOURCE | |
| Original cataloging agency | DPL |
| Language of cataloging | EN |
| 082 ## - DEWEY DECIMAL CLASSIFICATION NUMBER | |
| Classification number | 230.1 |
| 245 ## - TITLE STATEMENT | |
| Title | Vidura-Niti : |
| Remainder of title | a sanskrit-english edition / |
| Statement of responsibility, etc | edited by Vidyaratnam P.N.Menon |
| 250 ## - EDITION STATEMENT | |
| Edition statement | 2nd ed |
| 260 ## - PUBLICATION, DISTRIBUTION, ETC. (IMPRINT) | |
| Place of publication, distribution, etc | Palghat |
| Name of publisher, distributor, etc | The educational supplies depot |
| Date of publication, distribution, etc | 1962 |
| 270 ## - ADDRESS | |
| Address | Palghat |
| City | Palghat |
| 300 ## - PHYSICAL DESCRIPTION | |
| Extent | xvii,238p. |
| Dimensions | 17cm(Hb) |
| 650 ## - SUBJECT ADDED ENTRY--TOPICAL TERM | |
| Topical term or geographic name as entry element | Hindu religion |
| 9 (RLIN) | 10334 |
| 650 ## - SUBJECT ADDED ENTRY--TOPICAL TERM | |
| Topical term or geographic name as entry element | Mahābhārata. |
| 9 (RLIN) | 10335 |
| 700 ## - ADDED ENTRY--PERSONAL NAME | |
| Personal name | Menon,Vidyaratnam P.N. |
| 9 (RLIN) | 10336 |
| 942 ## - ADDED ENTRY ELEMENTS (KOHA) | |
| Source of classification or shelving scheme | Dewey Decimal Classification |
| Koha item type | English Books |
| Classification part | 230.1 |
| Call number suffix | VID |
| Withdrawn status | Lost status | Damaged status | Not for loan | Home library | Current library | Date acquired | Source of acquisition | Cost, normal purchase price | Total Checkouts | Full call number | Barcode | Date last seen | Copy number | Cost, replacement price | Price effective from | Koha item type |
|---|---|---|---|---|---|---|---|---|---|---|---|---|---|---|---|---|
| Central Library | Central Library | 16/06/2015 | Cen Lib/Ret | 4.50 | 230.1 VID | 310743 | 16/06/2015 | 1 | 4.50 | 16/06/2015 | English Books |
